000 01011nam a22002417a 4500
003 UA-OsUOA
001 50228
007 ta
008 20140528b un ||||| |||| 00| 0 ukr d
090 _a082
_bС71
942 _cBK
040 _aUA-OsUOA
_bukr
_cUA-OsUOA
_dUA-OsUOA
245 _aСпеціальні історичні дисципліни: питання теорії і методики
_bЗбірник наукових праць та спогадів
_cЧисло 4
300 _a306 с.
955 _a1
041 _aukr
080 _a082
260 _aК.
_bІнститут історії НАНУ
_c2000
246 3 1 _aЧастина І
_nПам'яті відомого вченого-історика доктора історичних наук Олени Станіславівни Компан
650 7 _a08 Видання. Колективні праці
_2UDC
999 _c430357
_d430357